Statistics for Every song on Post Malone's new album Beerbongs & Bentleys

Click here to take the quiz!

General Stats

  • This quiz has been taken 248 times
  • The average score is 13 of 18

Answer Stats

Answer% Correct
Rockstar
87%
Paranoid
83%
Better Now
82%
Psycho
80%
Stay
78%
Candy Paint
76%
Ball for Me
74%
92 Explorer
71%
Over Now
70%
Same Bitches
70%
Rich & Sad
67%
Spoil My Night
67%
Sugar Wraith
67%
Jonestown
65%
Zack and Codeine
64%
Otherside
61%
Takin' Shots
61%
Blame It on Me
57%

Score Distribution

Percentile by Number Answered

Percent of People with Each Score

Your Score History

You have not taken this quiz